| 000 | 00720nam a2200229 a 4500 | ||
|---|---|---|---|
| 999 |
_c9491 _d9491 |
||
| 001 | 9491 | ||
| 003 | BD-JhCC | ||
| 005 | 20180315124752.0 | ||
| 008 | 180315s2012 bg a|||| |||a 000 0 ben d | ||
| 035 | _a(BD-JhCC)9491 | ||
| 040 |
_aBD-JhCC _dBD-JhCC |
||
| 041 | _aben | ||
| 082 |
_a323 _bKAB 2012 |
||
| 100 | _aকবীর, নূরুল | ||
| 245 |
_aনৈর্বাচনিক স্বৈরতন্ত্র ও গণতন্ত্রের সংগ্রাম / _cনূরুল কবীর, |
||
| 260 |
_aঢাকা : _bপাঠক সমাবেশ, _c2012 |
||
| 300 |
_a356 p. : _c23 cm. |
||
| 650 | _aDemocracy | ||
| 650 | _aPolitics and Government | ||
| 942 |
_2ddc _cBK |
||